El dios de los sabios y de los pensadores

El tema principal de este libro es la reflexión filosófica sobre Dios. La cuestión del sentido y justificación del problema filosófico de Dios inician la obra, así como las distintas perspectivas: escepticismo y ateísmo. Por otra parte, se desarrolla el problema de la demostración de Dios, el ser de...

Fuld beskrivelse

Guardado en:
Bibliografiske detaljer
Hovedforfatter: Beck, Heinrich
Format: Bog
Sprog:Undetermined
Udgivet: Madrid, España Gredos 1968
Fag:
Tags: Tilføj Tag
Ingen Tags, Vær først til at tagge denne postø!

MARC

LEADER 00000nam a2200000Ia 4500
008 170316s9999 xx 000 0 und d
040 |a cru BVZT 
090 |a 100 B-21d 
100 |a Beck, Heinrich  |9 1958 
245 |a El dios de los sabios y de los pensadores  |c / Heinrich Beck 
260 |a Madrid, España  |b Gredos  |c 1968 
300 |a 170 páginas 
520 |a El tema principal de este libro es la reflexión filosófica sobre Dios. La cuestión del sentido y justificación del problema filosófico de Dios inician la obra, así como las distintas perspectivas: escepticismo y ateísmo. Por otra parte, se desarrolla el problema de la demostración de Dios, el ser del mundo y el ser de Dios, así como sus respectivas esencias. Finalmente, se trabaja la cuestión del origen divino del mundo 
650 |a FILOSOFÍA  |9 5 
999 |c 15674  |d 15674 
942 |c 15 D  |h 100 B-21d  |2 z